Updated Common Evaluation Framework For IMF Capacity Development And Guidance Note.

This document updates the Common Evaluation Framework (CEF) for the Fund's capacity development (CD) activities and provides practical guidance on its implementation. Since its adoption, the Fund has made progress in implementing the CEF. However, areas for improvement remain. The document aims...

وصف كامل

التفاصيل البيبلوغرافية
مؤلف مشترك: International Monetary Fund
التنسيق: دورية
اللغة:English
منشور في: Washington, D.C. : International Monetary Fund, 2020.
سلاسل:Policy Papers; Policy Paper ; No. 2020/040
الموضوعات:
الوصول للمادة أونلاين:Full text available on IMF
LEADER 01637cas a2200301 a 4500
001 AALejournalIMF021280
008 230101c9999 xx r poo 0 0eng d
020 |c 5.00 USD 
020 |z 9781513557533 
022 |a 2663-3493 
040 |a BD-DhAAL  |c BD-DhAAL 
110 2 |a International Monetary Fund. 
245 1 0 |a Updated Common Evaluation Framework For IMF Capacity Development And Guidance Note. 
264 1 |a Washington, D.C. :  |b International Monetary Fund,  |c 2020. 
300 |a 1 online resource (29 pages) 
490 1 |a Policy Papers 
500 |a <strong>Off-Campus Access:</strong> No User ID or Password Required 
500 |a <strong>On-Campus Access:</strong> No User ID or Password Required 
506 |a Electronic access restricted to authorized BRAC University faculty, staff and students 
520 3 |a This document updates the Common Evaluation Framework (CEF) for the Fund's capacity development (CD) activities and provides practical guidance on its implementation. Since its adoption, the Fund has made progress in implementing the CEF. However, areas for improvement remain. The document aims to address these areas, drawing on lessons from experience with evaluations since the CEF's adoption. 
538 |a Mode of access: Internet 
650 7 |a Donor-Mandated Evaluation  |2 imf 
650 7 |a Evaluation Manager  |2 imf 
650 7 |a Evaluation Team  |2 imf 
650 7 |a PP  |2 imf 
650 7 |a Project Evaluation Section  |2 imf 
830 0 |a Policy Papers; Policy Paper ;  |v No. 2020/040 
856 4 0 |z Full text available on IMF  |u http://elibrary.imf.org/view/journals/007/2020/040/007.2020.issue-040-en.xml  |z IMF e-Library